000
00285nam a22001217a 4500
008
170323b xxu||||| |||| 00| 0 eng d
041
_a
eng
080
_a
616.9
100
_a
9
101
_a
SHM
245
_a
INFECTIONS AND PARASITIC DISEASE OF WILD BIRDS.
_c
DAVIS,J.W
942
_2
udc
_c
BK
999
_c
8424
_d
8424